| 000 | 00439nam a2200181Ia 4500 | ||
|---|---|---|---|
| 008 | 230524s9999 xx 000 0 und d | ||
| 020 | _a9788131501399 | ||
| 082 |
_a381.142 _bSNE |
||
| 100 | _aScott Snell | ||
| 245 | 0 | _aHuman Resource Management | |
| 250 | _aIST | ||
| 260 |
_aNEW DELHI _bCengage _c2008 |
||
| 300 | _aVIII;785 | ||
| 500 | _aQuantity Number: 5 | ||
| 650 | _aManagement | ||
| 700 | _a George Bohlander | ||
| 942 | _cBK | ||
| 999 |
_c41967 _d41967 |
||